[Event "Budapest 87/326"]
[Site "?"]
[Date "2003.??.??"]
[Round "?"]
[White "Polgar, Judit"]
[Black "Almasi, Z."]
[Result "1-0"]
[WhiteElo "2715"]
[BlackElo "2676"]
[PlyCount "157"]
[EventDate "2003.??.??"]
[Source "Chess Informant"]
[SourceDate "2003.02.01"]

1. e4 e5 2. Nf3 Nc6 3. Bb5 a6 4. Ba4 Nf6 5. O-O Be7 6. Re1 b5 7. Bb3 d6 8. c3 O-O 9. h3 Nb8 10. d4 Nbd7 11. Nbd2 Bb7 12. Bc2 Re8 13. Nf1 Bf8 14. Ng3 g6 15. b3 Bg7 16. d5 Nb6 17. Rb1 c5 18. a4 bxa4 19. bxa4 Bc8 20. Nd2 Bd7 21. a5 Nc8 22. Ra1 Rb8 23. Bd3 Bb5 24. Nc4 Na7 25. Bg5 h6 26. Be3 Bxc4 27. Bxc4 Nb5 28. Qd3 Re7 29. Reb1 Reb7 30. Rb3 h5 31. Nf1 Ne8 32. Nd2 Qd7 33. Nf3 Bf6 34. Ng5 Qd8 35. h4 Be7 36. f4 exf4 37. Bxf4 Bf6 38. Nf3 Nbc7 39. Rxb7 Rxb7 40. Bxa6 Rb3 41. Bd2 Nxa6 42. Qxa6 Nc7 43. Qc4 Qb8 44. Qf1 Qa7 45. Qf2 Rb2 46. Qe1 Qa6 47. Rb1 Qb7 48. Rxb2 Qxb2 49. c4 Qc2 50. Bf4 Qxc4 51. Bxd6 Nb5 52. Bf4 Nc3 53. Kh2 Nxe4 54. d6 Nf2 55. Bg5 Ng4+ 56. Kg3 Qd3 57. Qe8+ Kg7 58. Bxf6+ Nxf6 59. Qe5 Qxd6 60. Qxd6 Ne4+ 61. Kf4 Nxd6 62. a6 Nb5 63. Ne5 f6 64. Nd7 c4 65. Nb6 c3 66. Ke3 Kf7 67. Kd3 Ke6 68. Na4 Kd7 69. Nxc3 Nc7 70. a7 Kc6 71. Ne4 g5 72. g4 gxh4 73. gxh5 Kb7 74. h6 Nd5 75. Nd6+ Kxa7 76. Ke4 Ne7 77. h7 Ng6 78. Kf5 Nh8 79. Kxf6 1-0

[Event "Deutschland 87/324"]
[Site "?"]
[Date "2003.??.??"]
[Round "?"]
[White "Svidler, P."]
[Black "Sokolov, I."]
[Result "1/2-1/2"]
[WhiteElo "2693"]
[BlackElo "2688"]
[PlyCount "86"]
[EventDate "2003.??.??"]
[Source "Chess Informant"]
[SourceDate "2003.02.01"]

1. e4 e5 2. Nf3 Nc6 3. Bb5 a6 4. Ba4 Nf6 5. O-O Be7 6. Re1 b5 7. Bb3 d6 8. c3 O-O 9. h3 Nb8 10. d4 Nbd7 11. Nbd2 Bb7 12. Bc2 c5 13. Nf1 Re8 14. d5 g6 15. b3 Nb6 16. Ne3 Bc8 17. a4 Bd7 18. a5 Nc8 19. b4 c4 20. g4 h5 21. Nh2 hxg4 22. hxg4 Nh7 23. Kg2 Bg5 24. Rh1 Qf6 25. Bd2 Ne7 26. Qe2 Kg7 27. Rag1 Rh8 28. Kf1 Bf4 29. Nf5+ gxf5 30. gxf5+ Kf8 31. Ng4 Qg7 32. Rh6 f6 33. Bxf4 exf4 34. e5 dxe5 35. d6 Nxf5 36. Nxe5 Qxh6 37. Nxd7+ Kf7 38. Bxf5 Rae8 39. Qf3 Ng5 40. Qb7 Qh5 41. Bg4 Qh7 42. Ne5+ Kf8 43. Nd7+ Kg7 1/2-1/2

[Event "Ljubljana"]
[Site "?"]
[Date "1995.??.??"]
[Round "?"]
[White "Shirov, A."]
[Black "Leko, P."]
[Result "1-0"]
[WhiteElo "2695"]
[BlackElo "2605"]
[PlyCount "98"]
[EventDate "1995.??.??"]
[Source "ChessBase"]
[SourceDate "1995.10.01"]

1. e4 e5 2. Nf3 Nc6 3. Bb5 a6 4. Ba4 Nf6 5. O-O Be7 6. Re1 b5 7. Bb3 d6 8. c3 O-O 9. h3 Nb8 10. d4 Nbd7 11. Nbd2 Bb7 12. Bc2 Re8 13. a4 Bf8 14. b4 Nb6 15. a5 Nbd7 16. Bb2 Rb8 17. Rb1 h6 18. Ba1 Ba8 19. Re3 g6 20. Qe2 c6 21. c4 Bg7 22. dxe5 dxe5 23. c5 Nh5 24. g3 Qc7 25. Rd3 Rbd8 26. Rd1 Nf8 27. Nf1 Rxd3 28. Qxd3 Nf6 29. Ne3 Bb7 30. Kg2 Qb8 31. Bb2 Qc7 32. Bb3 Re7 33. Qd8 Qxd8 34. Rxd8 N6d7 35. Nh4 Kh7 36. Nhf5 gxf5 37. Nxf5 Bf6 38. Nxe7 Bxe7 39. Re8 Bg5 40. Bxf7 Kg7 41. Bb3 Bf6 42. f4 Ng6 43. f5 Ngf8 44. h4 Kh7 45. Kh3 Kg7 46. g4 Kh7 47. Bc1 Bg7 48. g5 hxg5 49. hxg5 Kh8 1-0

[Event "Manila (izt)"]
[Site "?"]
[Date "1990.??.??"]
[Round "?"]
[White "Sax, Gy"]
[Black "Ivanchuk, V."]
[Result "1/2-1/2"]
[WhiteElo "2600"]
[BlackElo "2680"]
[PlyCount "62"]
[EventDate "1990.??.??"]
[Source "ChessBase"]
[SourceDate "1990.01.01"]

1. e4 e5 2. Nf3 Nc6 3. Bb5 a6 4. Ba4 Nf6 5. O-O Be7 6. Re1 b5 7. Bb3 d6 8. c3 O-O 9. h3 Nb8 10. d4 Nbd7 11. Nbd2 Bb7 12. Bc2 Re8 13. Nf1 Bf8 14. Ng3 g6 15. a4 c5 16. Be3 exd4 17. cxd4 Bxe4 18. Nxe4 Nxe4 19. Bxe4 Rxe4 20. dxc5 Nxc5 21. Qd5 bxa4 22. Ng5 Re7 23. Rad1 Nd7 24. Qc6 Qc8 25. Qxa4 Qb7 26. Bd4 Qb5 27. Qxb5 axb5 28. Rxe7 Bxe7 29. Ne4 b4 30. Be3 Nf6 31. Rd4 d5 1/2-1/2

[Event "Budapest Tungsram"]
[Site "Budapest HUN"]
[Date "1973.??.??"]
[Round "3"]
[White "Geller, Efim P"]
[Black "Karpov, Anatoly"]
[Result "1/2-1/2"]
[WhiteElo "2605"]
[BlackElo "2660"]
[PlyCount "106"]
[EventDate "1973.??.??"]
[Source "www.chesslib.no"]
[SourceDate "2004.05.04"]

1. e4 e5 2. Nf3 Nc6 3. Bb5 a6 4. Ba4 Nf6 5. O-O Be7 6. Re1 b5 7. Bb3 d6 8. c3 O-O 9. h3 Nb8 10. d4 Nbd7 11. Nbd2 Bb7 12. Bc2 Re8 13. Nf1 Bf8 14. Ng3 g6 15. a4 c5 16. d5 c4 17. Bg5 h6 18. Be3 Nc5 19. Qd2 Kh7 20. Ra3 Qc7 21. Rea1 Bg7 22. Qd1 Rab8 23. axb5 axb5 24. Ra7 Qb6 25. R1a2 Ra8 26. Qa1 Rxa7 27. Rxa7 Nfd7 28. h4 Rb8 29. h5 Qd8 30. Nd2 Ra8 31. b4 cxb3 32. Nxb3 Nxb3 33. Bxb3 Rxa7 34. Qxa7 Qa8 35. Qxa8 Bxa8 36. c4 bxc4 37. Ba4 Nb8 38. Ba7 Na6 39. Bb5 Bb7 40. Bxc4 Bf6 41. Nf1 Bg5 42. Bb5 Kg7 43. hxg6 fxg6 44. f3 Kf7 45. Kf2 Ke7 46. Ne3 Bxe3+ 47. Kxe3 g5 48. Kd3 Nc7 49. Kc4 Bc8 50. Be3 Bd7 51. Bc6 Bc8 52. Bb5 Bd7 53. Bc6 Bc8 1/2-1/2

[Event "Linares"]
[Site "?"]
[Date "1988.??.??"]
[Round "?"]
[White "Nunn, J."]
[Black "Beliavsky, A."]
[Result "0-1"]
[WhiteElo "2615"]
[BlackElo "2645"]
[PlyCount "124"]
[EventDate "1988.??.??"]
[Source "ChessBase"]
[SourceDate "1988.01.01"]

1. e4 e5 2. Nf3 Nc6 3. Bb5 a6 4. Ba4 Nf6 5. O-O Be7 6. Re1 b5 7. Bb3 d6 8. c3 O-O 9. h3 Nb8 10. d4 Nbd7 11. Nbd2 Bb7 12. Bc2 Re8 13. Nf1 Bf8 14. Ng3 g6 15. a4 c5 16. d5 c4 17. Bg5 h6 18. Be3 Nc5 19. Qd2 h5 20. Ng5 Bh6 21. f4 h4 22. fxe5 Rxe5 23. Nf3 Bxe3+ 24. Qxe3 Nxd5 25. Qd4 Ne6 26. Qd2 Ndf4 27. Nxe5 Qg5 28. Re3 dxe5 29. Nf1 Rd8 30. Qf2 Nc5 31. Kh2 Ncd3 32. Bxd3 Nxd3 33. Qe2 f5 34. axb5 axb5 35. exf5 gxf5 36. Ra7 Rd7 37. b3 Rg7 38. Rxb7 Rxb7 39. bxc4 bxc4 40. Qa2 Qf4+ 41. Kg1 Kh7 42. Rf3 Qe4 43. Nd2 Qe1+ 44. Nf1 Qxc3 45. Rxf5 Nf4 46. Qf2 Kg6 47. Rxf4 exf4 48. Qxf4 Qb4 49. Nd2 Qc5+ 50. Kh1 c3 51. Qe4+ Qf5 52. Qc6+ Qf6 53. Qxb7 cxd2 54. Qe4+ Kg7 55. Qg4+ Kh6 56. Qe2 Qa1+ 57. Kh2 d1=Q 58. Qe3+ Kg6 59. Qe8+ Kf5 60. Qc8+ Ke4 61. Qc2+ Kd5 62. Qd2+ Qd4 0-1